000 00353nam a2200133Ia 4500
005 20260328104323.0
008 260328s9999||||xx |||||||||||||| ||und||
100 _aVillagómez, Carlos
245 0 _aLa Paz ha Muerto :
_b Arte, Arquitectura y Ciudad /
_cCarlos Villagómez
260 _bPlural
300 _a231 p.
650 _aURBANISMO
942 _cBK
999 _c11404
_d11404